Analýza inovačnej aktivity malých a stredných podnikov v Slovenskej republike
Inovácie ako predpoklad rozvoja a rastu malých a stredných podnikov v procese globalizácie ekonomiky. Pojem konkurencieschopnosť. Vymedzenie pojmu inovácie. Zdroje inovačných príležitostí. Analýza uplatňovania inovácií v malých a stredných podnikoch v Slovenskej republike.
Guardado en:
| Autor principal: | |
|---|---|
| Otros Autores: | |
| Formato: | Capítulo de libro |
| Lenguaje: | eslovaco |
| Materias: | |
| Etiquetas: |
Sin Etiquetas, Sea el primero en etiquetar este registro!
|
MARC
| LEADER | 00000naa$a2200000$$$4500 | ||
|---|---|---|---|
| 001 | 0027815 | ||
| 005 | 20231017065609.9 | ||
| 041 | 0 | |a slo | |
| 044 | |a CZ | ||
| 245 | 1 | 0 | |a Analýza inovačnej aktivity malých a stredných podnikov v Slovenskej republike |c Ľubica Lesáková, Silvia Mojžitová |
| 520 | |a Inovácie ako predpoklad rozvoja a rastu malých a stredných podnikov v procese globalizácie ekonomiky. Pojem konkurencieschopnosť. Vymedzenie pojmu inovácie. Zdroje inovačných príležitostí. Analýza uplatňovania inovácií v malých a stredných podnikoch v Slovenskej republike. | ||
| 610 | 2 | 0 | |a podnik malý |
| 610 | 2 | 0 | |a podnik stredný |
| 610 | 2 | 0 | |a inovácia |
| 610 | 2 | 0 | |a globalizácia |
| 610 | 2 | 0 | |a konkurencieschopnosť |
| 610 | 2 | 0 | |a inovácia výrobkov |
| 610 | 2 | 0 | |a výhody konkurenčné |
| 610 | 2 | 0 | |a analýzy |
| 610 | 2 | 0 | |a Slovensko |
| 610 | 2 | 0 | |a inovácia |
| 100 | 1 | |a Lesáková, Ľubica | |
| 700 | 1 | |a Mojžitová, Silvia | |